000 00726nam a2200241Ia 4500
001 Para_7277
003 CHAP
008 220125s9999 xx 000 0 und d
010 _a206165
040 _cCHAP
090 _aPA R-46
100 _aRodríguez Lara, Raúl
_998628
245 _aIndicaciones de como colectar, preservar y empacar insectos para su envío e identificación /
_c Raúl Rodríguez Lara
500 _aSobretiro de: México y sus bosques 2 (8): 4-5, 1963
650 _aInsectos
_x colección y preservación
_958905
901 _aPA R-46
902 _aA
905 _a000000 0000000000 00
910 _a
942 _cPARA
942 _cPARA
_d1
999 _c206165
_d206165